000 00304nam a22001337a 4500
020 _a0-7214-05285
082 _a823
_bHUA/P
100 _aHUNIA FRAN
245 _aTHE PIED PIPER OF HAMELIN
_bREAD IT YOURSELF
260 _aUK
_bLADY BIRD
300 _a52
650 _aENGLISH SHORT STORY
_zUK
942 _cBK
999 _c2277
_d2277